000 00513nam a2200181Ia 4500
005 20250326142958.0
008 250326s9999 xx 000 0 und d
037 _aTextbook
040 _aFMSL
_beng
_cFMSL
041 _aeng
_2eng
084 _aS(X:8) M4
_qFMSL
100 _aRobbins S P
_9308447
245 0 _aEssentials of organizational behavior
_cRobbins S P
260 _aNew Jersey
_bNew Jersey, Prentice-Hall
_c1984
300 _a197p
942 _cTB
_hS(X:8) M4
999 _c1297558
_d1297558